000 00861nam a2200241Ia 4500
003 GCL
005 20240530102339.0
008 140319s9999 xx 000 0 ara d
020 _a1062310977
040 _aGCL /
_cGCL
082 0 4 _a746.92
_bق/ك ت
100 1 _aكفاية سليمان احمد
245 1 0 _aالتصميم التاريخى للازياء الملكية الفرعونية واثره على الموضة /
_cكفاية سليمان احمد
260 _aالقاهرة :
_bدار الفكر العربى ،
_c1993
300 _a153ص ؛
_c24 سم
650 0 4 _aالازياء
650 0 4 _aالازياء الفرعونية
650 0 4 _aالازياء - تاريخ
650 0 4 _aالازياء - مصر
650 0 4 _aالازياء - التصميم الزخرفى
700 1 _aسلوى هنرى جرجس
942 _2ddc
_cBK
999 _c31601
_d31601